000 00270nam a2200109Ia 4500
008 190912s9999||||xx |||||||||||||| ||und||
100 _aMukhtar Zaman
245 0 _aStudents' Role In The Pakistan Movement
260 _aUSA
_bMcGraw-Hill
_c1978
300 _a244
942 _cBK
999 _c7378
_d7378